| 000 | 01295aam a2200349 i 4500 | ||
|---|---|---|---|
| 999 |
_c46392 _d46392 |
||
| 001 | 768714001 | ||
| 003 | CO-MdFUSB | ||
| 005 | 20200522162327.0 | ||
| 007 | ta | ||
| 008 | 200522t1965 enka|||| |||| 00| 0 eng d | ||
| 020 | _a[No incluye ISBN] | ||
| 040 |
_bspa. _aCO-MdFUSB _cCO-MdFUSB _dCO-MdFUSBC _erda |
||
| 041 |
_aeng _hger |
||
| 082 |
_223 _a225.817 _bS357 |
||
| 100 | 1 |
_aSchnackenburg, Rudolf _eautor |
|
| 240 | _aDie sittliche Botschaft des Neuen Testamentes | ||
| 245 | 1 | 4 |
_aThe moral teaching of the New Testament _c/ Rudolf Schnackenburg ; traducido por J. Holland-Smith , W. J. O'Hara |
| 264 | 1 |
_aFreiburg, Alemania : _bHerder, _c[1965] |
|
| 264 | 4 | _c© 1965 | |
| 300 |
_a387 páginas _c; 22 cm |
||
| 336 |
_atexto _btxt _2rdacontent |
||
| 337 |
_2rdamedia _asin mediación _bn |
||
| 338 |
_2rdacarrier _avolumen _bnc |
||
| 505 | _aLas exigencias morales de Jesús - La enseñanza moral de la Iglesia primitiva, en general - La enseñanza moral de la Iglesia primitiva de acuerdo con prominentes predicadores individuales | ||
| 563 | _aPasta dura | ||
| 630 | 0 | 7 |
_aBiblia. _pNuevo Testamento |
| 700 |
_93882 _aSmith, John Holland _etraductor |
||
| 700 |
_93883 _aO'Hara, William Joseph. _etraductor |
||
| 942 | _cBK | ||
| 945 | _aJTF-925 | ||